| 000 | 00466nam a2200157 4500 | ||
|---|---|---|---|
| 001 | 116310 | ||
| 003 | ES-MaACL | ||
| 005 | 20230906190700.0 | ||
| 007 | t| | ||
| 008 | 061121s1984 lu r ||||1| fre d | ||
| 110 | 2 |
_aParlamento Europeo. _96118 |
|
| 245 | 1 | 0 |
_aProjet de Traité instituant l'Union européenne / _cParlament Européen. |
| 260 |
_aLuxembourg : _bParlament Européen, _c1984. |
||
| 300 |
_a47 p. ; _c23 cm. |
||
| 852 |
_aES-MaACL _j2135-F-16 _bR.108910 |
||
| 999 |
_c116310 _d116310 |
||